[Event "ch-IRL 2014"]
[Site "Dublin IRL"]
[Date "2014.07.08"]
[Round "4.7"]
[White "Wallace, Paul"]
[Black "Fox, Anthony"]
[Result "1-0"]
[WhiteElo "2170"]
[BlackElo "2059"]
[WhiteFideId "2500892"]
[BlackFideId "2500736"]
[EventDate "2014.07.05"]
[EventType "swiss"]

1. e4 e5 2. f4 Bc5 3. Nf3 d6 4. Bc4 Nc6 5. Nc3 Nf6 6. d3 Bg4 7. Na4 O-O 8. Nxc5
dxc5 9. O-O Qd6 10. h3 Be6 11. fxe5 Nxe5 12. Bf4 Nxf3+ 13. Rxf3 Qd4+ 14. Be3 Qe5
15. b3 Rad8 16. Qc1 Rd7 17. Kh1 Nh5 18. Qe1 Bxc4 19. bxc4 b6 20. g4 Nf6 21. Bd2
Ne8 22. Bc3 Qe7 23. Qg3 c6 24. a4 Nc7 25. Raf1 Ne6 26. h4 Nd4 27. R3f2 Qd6 28.
Kh2 Qxg3+ 29. Kxg3 Re8 30. Rb1 Rb7 31. a5 b5 32. Bxd4 cxd4 33. Rf5 a6 34. Rc5
Re6 35. cxb5 axb5 36. a6 Rb6 37. a7 Re8 38. Ra1 Ra8 39. Kf4 f6 40. e5 Kf7 41.
Ke4 Ke6 42. exf6 gxf6 43. Kxd4 Kd6 44. Rf5 Ke7 45. Kc5 Rb7 46. Kxc6 Rbxa7 47.
Rxa7+ Rxa7 48. Rxb5 Ra2 49. c4 Rg2 50. g5 Rg4 51. gxf6+ Kxf6 52. h5 Ke6 53. Rd5
Rg8 54. Rd6+ Ke5 55. d4+ Ke4 56. c5 Rg5 57. h6 Kd3 58. Kb7 Kc4 59. c6 Rb5+ 60.
Kc7 Ra5 61. Rd7 1-0

[Event "ch-IRL 2014"]
[Site "Dublin IRL"]
[Date "2014.07.08"]
[Round "4.9"]
[White "O'Connor, Jonathan"]
[Black "Palmer, Bernard"]
[Result "1/2-1/2"]
[WhiteElo "2150"]
[BlackElo "2026"]
[WhiteFideId "2501112"]
[BlackFideId "2500701"]
[EventDate "2014.07.05"]
[EventType "swiss"]

1. d4 e6 2. c4 d5 3. Nc3 Nf6 4. cxd5 exd5 5. Bg5 Be7 6. e3 c6 7. Qc2 Bg4 8. Bd3
Nbd7 9. Nge2 Bh5 10. O-O Bg6 11. Nf4 Bxd3 12. Nxd3 Bd6 13. Bf4 Bxf4 14. Nxf4 O-O
15. b4 a6 16. a4 b5 17. axb5 axb5 18. Nce2 Qc7 19. Rfc1 Rxa1 20. Rxa1 Nb6 21.
Nd3 Nfd7 22. Nc5 Ra8 23. Rxa8+ Nxa8 24. Qa2 Nab6 25. Qa5 Qc8 26. Qa7 Kf8 27. h3
Ke8 28. Nf4 Qb8 29. Qa6 Qc7 30. Nxd7 Nxd7 31. Qa8+ Nb8 32. Nd3 Ke7 33. Nc5 h6
34. h4 Nd7 1/2-1/2

[Event "ch-IRL 2014"]
[Site "Dublin IRL"]
[Date "2014.07.08"]
[Round "4.10"]
[White "MacElligott, Gerard"]
[Black "Harding, Tim D"]
[Result "1/2-1/2"]
[WhiteTitle "CM"]
[WhiteElo "2013"]
[BlackElo "2126"]
[WhiteFideId "2500647"]
[BlackFideId "2500256"]
[EventDate "2014.07.05"]
[EventType "swiss"]

1. d4 d5 2. c4 c6 3. Nc3 Nf6 4. Nf3 a6 5. cxd5 cxd5 6. Bf4 Nc6 7. e3 Bg4 8. h3
Bxf3 9. Qxf3 Qb6 10. Qe2 e6 11. Rc1 Be7 12. g4 O-O 13. Bg2 Rac8 14. O-O Qa5 15.
a3 b5 16. Rfd1 Qb6 17. b4 Rfd8 18. Bf1 Na7 19. Qb2 1/2-1/2

[Event "ch-IRL 2014"]
[Site "Dublin IRL"]
[Date "2014.07.08"]
[Round "4.11"]
[White "Loughran, John"]
[Black "Freeman, Gordon"]
[Result "0-1"]
[WhiteElo "1872"]
[BlackElo "2077"]
[WhiteFideId "2501562"]
[BlackFideId "2501309"]
[EventDate "2014.07.05"]
[EventType "swiss"]

1. d4 Nf6 2. c4 e6 3. Nf3 d5 4. Nc3 c6 5. Bg5 h6 6. Bh4 g5 7. Bg3 dxc4 8. e3 b5
9. a4 Bb4 10. axb5 cxb5 11. Be2 Bb7 12. O-O a6 13. Ne5 Nbd7 14. f4 Bxc3 15. bxc3
Nxe5 16. fxe5 Qd5 17. e4 Nxe4 18. Bf3 Qd7 19. Qe1 Nxg3 20. Qxg3 O-O-O 21. Bh5
Rhf8 22. Rf6 b4 23. Ra5 bxc3 24. Rc5+ Kb8 25. Rxc4 Rc8 26. Qxc3 Qd5 27. Rxc8+
Rxc8 28. Qb2 Rc3 29. Bf3 Qxd4+ 30. Kh1 Qb4 31. Qa1 Re3 32. Bxb7 Re1+ 33. Rf1
Rxa1 34. Rxa1 Kxb7 35. h3 a5 0-1

[Event "ch-IRL 2014"]
[Site "Dublin IRL"]
[Date "2014.07.08"]
[Round "4.12"]
[White "Benson, Oisin P."]
[Black "Reynolds, Pat"]
[Result "1-0"]
[WhiteElo "2040"]
[BlackElo "1990"]
[WhiteFideId "2501821"]
[BlackFideId "2501392"]
[EventDate "2014.07.05"]
[EventType "swiss"]

1. d4 Nf6 2. c4 c5 3. d5 b5 4. cxb5 e6 5. Nc3 exd5 6. Nxd5 Bb7 7. Nxf6+ Qxf6 8.
Nf3 d5 9. g3 Bd6 10. Bg2 h6 11. O-O Nd7 12. Rb1 O-O 13. b3 Rfe8 14. Bb2 d4 15.
e3 Ne5 16. Nxe5 Bxg2 17. Kxg2 Bxe5 18. f4 Bc7 19. exd4 Rad8 20. Qc2 cxd4 21.
Qxc7 Rc8 22. Qxa7 Re2+ 23. Rf2 Rxf2+ 24. Kxf2 Rc2+ 25. Kg1 Qe6 26. Qxd4 f6 27.
Rd1 Qe2 28. Qd5+ Kh8 29. Qd8+ Kh7 30. Qd3+ Qxd3 31. Rxd3 Rxb2 32. b6 1-0

[Event "ch-IRL 2014"]
[Site "Dublin IRL"]
[Date "2014.07.08"]
[Round "4.13"]
[White "Butler, Kevin"]
[Black "Killane, Jack"]
[Result "1-0"]
[WhiteElo "2026"]
[BlackElo "1934"]
[WhiteFideId "2501538"]
[BlackFideId "2500949"]
[EventDate "2014.07.05"]
[EventType "swiss"]

1. e4 e5 2. Nf3 Nc6 3. Bb5 a6 4. Bxc6 dxc6 5. O-O f6 6. d4 Bg4 7. c3 Qd7 8. Be3
Bd6 9. Nbd2 O-O-O 10. Qc2 Ne7 11. Rfc1 g5 12. dxe5 fxe5 13. Bxg5 Rhg8 14. Bh4
Rdf8 15. Bg3 Ng6 16. Rd1 h5 17. Nc4 Bxf3 18. Rxd6 Qf7 19. gxf3 Qxc4 20. Rxg6
Rxg6 21. h4 Rxf3 22. Rd1 Qf7 23. Rd2 Kb8 24. Kh2 Rg4 25. Qd1 Qf6 26. Kg2 Rff4
27. Rd8+ Ka7 28. Qd2 Rf3 29. Rd7 Rfxg3+ 30. fxg3 Rxe4 31. Qf2+ Qxf2+ 32. Kxf2
Ra4 33. a3 Kb6 34. Rh7 Kc5 35. Rxh5 Kc4 36. Rxe5 Kd3 37. h5 1-0

[Event "ch-IRL 2014"]
[Site "Dublin IRL"]
[Date "2014.07.08"]
[Round "4.14"]
[White "Bourached, Anthony"]
[Black "O'Rourke, Ray"]
[Result "0-1"]
[WhiteElo "1965"]
[BlackElo "1997"]
[WhiteFideId "2504456"]
[BlackFideId "2501023"]
[EventDate "2014.07.05"]
[EventType "swiss"]

1. e4 c5 2. Nf3 Nc6 3. d4 cxd4 4. Nxd4 a6 5. c4 g6 6. Nxc6 bxc6 7. Qd4 f6 8. Nc3
Bg7 9. c5 Nh6 10. Bc4 Nf7 11. Be3 Ne5 12. Bb3 Qc7 13. f3 Bb7 14. O-O-O O-O-O 15.
Na4 Kb8 16. Nb6 d6 17. Kb1 dxc5 18. Qxc5 Rxd1+ 19. Rxd1 Rd8 20. Nd7+ Nxd7 21.
Qa7+ Kc8 22. Be6 Qb8 23. Qc5 Bf8 24. Bd2 Qd6 25. Qc3 Kb8 26. Kc1 Ne5 27. Qb3
Nd3+ 28. Kb1 Nc5 29. Qc4 Nxe6 30. Bf4 Qxf4 0-1

[Event "ch-IRL 2014"]
[Site "Dublin IRL"]
[Date "2014.07.08"]
[Round "4.15"]
[White "King, Melvyn"]
[Black "Twomey, Pat"]
[Result "0-1"]
[WhiteElo "1874"]
[BlackElo "1872"]
[WhiteFideId "2503379"]
[BlackFideId "2501937"]
[EventDate "2014.07.05"]
[EventType "swiss"]

1. e4 d5 2. Nf3 d4 3. Bc4 a6 4. d3 e6 5. c3 c5 6. cxd4 cxd4 7. O-O Nc6 8. a3 Bd6
9. Qe2 Nge7 10. b4 b5 11. Ba2 O-O 12. Nbd2 a5 13. bxa5 e5 14. h3 h6 15. Nb3 Nxa5
16. Nh2 Nac6 17. f4 exf4 18. Bxf4 Bxf4 19. Rxf4 Ng6 20. Rf2 Nce5 21. Nc5 Qg5 22.
Kh1 Kh7 23. Bd5 Ra7 24. Qb2 Qg3 25. Qxd4 Rc7 26. Nf1 Qh4 27. Rd1 Bxh3 28. gxh3
Qxh3+ 29. Nh2 Ng4 30. Rdd2 N6e5 31. Qa1 Rxc5 32. d4 Nxf2+ 33. Rxf2 Ng4 34. Re2
Nxh2 35. Rxh2 Qf3+ 36. Kg1 Qe3+ 37. Kh1 Rc1+ 0-1

[Event "ch-IRL 2014"]
[Site "Dublin IRL"]
[Date "2014.07.09"]
[Round "5.1"]
[White "Jessel, Stephen"]
[Black "Collins, Sam E."]
[Result "1/2-1/2"]
[WhiteTitle "FM"]
[BlackTitle "IM"]
[WhiteElo "2321"]
[BlackElo "2488"]
[WhiteFideId "628859"]
[BlackFideId "2501198"]
[EventDate "2014.07.05"]
[EventType "swiss"]

1. Nf3 Nf6 2. c4 c5 3. g3 b6 4. Bg2 Bb7 5. O-O g6 6. b3 Bg7 7. Bb2 O-O 8. Nc3
Na6 9. d4 cxd4 10. Nxd4 Bxg2 11. Kxg2 Nc5 12. f3 Rc8 13. e4 d6 14. Qe2 a6 15.
Rad1 Qc7 16. Nd5 Qb7 17. Rfe1 Rfe8 18. Ba1 Nfd7 19. Rd2 Ne5 20. a4 Rcd8 21. Qd1
e6 22. Nc3 Bh6 23. f4 f5 24. Qb1 Ng4 25. Nf3 e5 26. b4 Nxe4 27. Nxe4 fxe4 28.
Qxe4 Qxe4 29. Rxe4 exf4 30. Rxd6 Ne3+ 31. Kh3 g5 32. Rxe8+ Rxe8 33. g4 Bf8 34.
Rxb6 h5 35. Nxg5 hxg4+ 36. Kh4 Bd6 37. Kh5 Nxc4 38. Rb7 Be5 39. Bxe5 Nxe5 40.
Ne4 Re6 41. Ng5 Rf6 42. Rb8+ Kg7 43. Rb7+ Kg8 44. Rb8+ Kg7 45. Rb7+ 1/2-1/2

[Event "ch-IRL 2014"]
[Site "Dublin IRL"]
[Date "2014.07.09"]
[Round "5.2"]
[White "Short, Philip M"]
[Black "Brady, Stephen"]
[Result "1/2-1/2"]
[WhiteTitle "FM"]
[BlackTitle "FM"]
[WhiteElo "2274"]
[BlackElo "2338"]
[WhiteFideId "2500086"]
[BlackFideId "2500124"]
[EventDate "2014.07.05"]
[EventType "swiss"]

1. d4 Nf6 2. c4 e6 3. Nc3 Bb4 4. e3 b6 5. Ne2 Ba6 6. a3 Be7 7. Ng3 d5 8. Be2
dxc4 9. O-O O-O 10. Qc2 Nbd7 11. Qa4 Qc8 12. Bxc4 Bxc4 13. Qxc4 c5 14. dxc5 Qxc5
15. Qe2 Rfd8 16. Nb5 Ne5 17. Nd4 Rac8 18. b3 Qd5 1/2-1/2

[Event "ch-IRL 2014"]
[Site "Dublin IRL"]
[Date "2014.07.09"]
[Round "5.3"]
[White "Daly, Colm"]
[Black "O'Donnell, Conor"]
[Result "1-0"]
[WhiteTitle "FM"]
[WhiteElo "2333"]
[BlackElo "2122"]
[WhiteFideId "2500434"]
[BlackFideId "2504243"]
[EventDate "2014.07.05"]
[EventType "swiss"]

1. g3 d5 2. Nf3 c6 3. Bg2 Nf6 4. O-O Bg4 5. d3 Nbd7 6. Nbd2 e5 7. e4 Bd6 8. h3
Bh5 9. Qe1 O-O 10. Nh4 Bg6 11. Qe2 Qc7 12. Nxg6 fxg6 13. exd5 cxd5 14. c4 dxc4
15. Nxc4 Bc5 16. b4 Bd4 17. Bb2 Bxb2 18. Qxb2 Rac8 19. Rac1 b6 20. Rfe1 Qb8 21.
d4 exd4 22. Qxd4 Rcd8 23. Re7 h6 24. Nd6 b5 25. Rc6 Nb6 26. Rcc7 Rd7 27. Rcxd7
Nbxd7 28. Ne4 Nb6 29. Nc5 Rf7 30. Re1 Kh7 31. Bf1 Nbd7 32. Ne6 Re7 33. Ng5+ hxg5
34. Rxe7 g4 35. Rxd7 Nxd7 36. Qxd7 gxh3 37. Qxh3+ Kg8 38. Qe6+ 1-0

[Event "ch-IRL 2014"]
[Site "Dublin IRL"]
[Date "2014.07.09"]
[Round "5.4"]
[White "Fitzsimons, David"]
[Black "Cafolla, Peter"]
[Result "1-0"]
[WhiteTitle "FM"]
[WhiteElo "2351"]
[BlackElo "1994"]
[WhiteFideId "2501961"]
[BlackFideId "2500884"]
[EventDate "2014.07.05"]
[EventType "swiss"]

1. e4 e5 2. Nf3 Nc6 3. Bc4 Be7 4. O-O Nf6 5. Re1 O-O 6. d4 d6 7. h3 h6 8. Nc3 a6
9. a4 Re8 10. Be3 Bf8 11. dxe5 dxe5 12. Qe2 Be6 13. Rad1 Qc8 14. Bxe6 Qxe6 15.
Nd5 Bd6 16. c4 b6 17. a5 Nxa5 18. b4 Bxb4 19. Nxc7 Qxc4 20. Nxe8 Rxe8 21. Nd2
Qxe2 22. Rxe2 b5 23. Ra1 Re6 24. f3 Kf8 25. Nb3 Nxb3 26. Rb1 Bc5 27. Rxb3 Bxe3+
28. Rexe3 Nd7 29. Rec3 Nb6 30. Rc7 Rd6 31. Ra7 Nc4 32. Rb1 Na3 33. Ra1 b4 34.
Rc1 g5 35. Rcc7 Nb5 36. Rxf7+ Kg8 37. Rg7+ Kh8 38. Rh7+ Kg8 39. Rag7+ Kf8 40.
Rb7 Kg8 41. Rhe7 Kf8 42. Rxe5 Nd4 43. Rxb4 Ne2+ 44. Kh2 Nf4 45. Rf5+ Ke7 46.
Rb7+ Ke8 47. Rbf7 h5 48. R7f6 Rd2 49. Rxg5 1-0

[Event "ch-IRL 2014"]
[Site "Dublin IRL"]
[Date "2014.07.09"]
[Round "5.5"]
[White "Redmond, John P."]
[Black "Wallace, Paul"]
[Result "1/2-1/2"]
[WhiteElo "2259"]
[BlackElo "2170"]
[WhiteFideId "2500051"]
[BlackFideId "2500892"]
[EventDate "2014.07.05"]
[EventType "swiss"]

1. d4 Nf6 2. c4 g6 3. Nc3 Bg7 4. e4 d6 5. f3 O-O 6. Nge2 c5 7. Be3 Nc6 8. d5 Ne5
9. Ng3 e6 10. Be2 exd5 11. cxd5 a6 12. a4 h5 13. O-O Nh7 14. Qd2 h4 15. Nh1 f5
16. Nf2 Bd7 17. f4 Nf7 18. exf5 gxf5 19. a5 Qf6 20. Ra3 Qg6 21. Na4 Bxa4 22.
Rxa4 Rac8 23. Ra3 Nf6 24. Bf3 Ng4 25. Nxg4 fxg4 26. Bd1 Nh6 27. Bc2 Nf5 28. Bf2
Qh5 29. Bb1 Rce8 30. Bxf5 Rxf5 31. Re1 Rxe1+ 32. Qxe1 Rxd5 33. Re3 g3 34. Re8+
Kh7 35. Qe4+ Qf5 36. hxg3 Rd1+ 37. Kh2 Qxe4 38. Rxe4 Rd2 39. Be1 hxg3+ 40. Kxg3
Rxb2 41. Re7 Rb3+ 42. Kg4 Kg8 43. Kg5 Bf8 44. Rc7 Re3 45. Bh4 Re7 46. Rc8 Rd7
47. Kg6 d5 48. Bg5 Rd6+ 49. Kf5 Kf7 50. Rc7+ Ke8 51. Rc8+ Kf7 52. Rc7+ Ke8 53.
Rxc5 d4 54. Rc8+ Kf7 55. Rc7+ Ke8 56. Rc8+ Kf7 57. Rc7+ 1/2-1/2

[Event "ch-IRL 2014"]
[Site "Dublin IRL"]
[Date "2014.07.09"]
[Round "5.6"]
[White "McMahon, Daire"]
[Black "Murray, David"]
[Result "0-1"]
[WhiteTitle "FM"]
[WhiteElo "2153"]
[BlackElo "2141"]
[WhiteFideId "2500477"]
[BlackFideId "2501511"]
[EventDate "2014.07.05"]
[EventType "swiss"]

1. d4 Nf6 2. c4 e6 3. Nc3 Bb4 4. Nf3 b6 5. Bg5 h6 6. Bh4 g5 7. Bg3 Ne4 8. Qc2
Bb7 9. e3 d6 10. Bd3 Bxc3+ 11. bxc3 f5 12. d5 Na6 13. Bxe4 fxe4 14. Qxe4 Qf6 15.
O-O Nc5 16. Qd4 O-O 17. Rad1 Rae8 18. h4 e5 19. Qg4 Bc8 20. Qh5 Ne4 21. Nd2 Nxc3
22. Rc1 e4 23. a3 Bf5 24. Rfe1 Na4 25. Nb3 Nb2 26. Rc2 Nd3 27. Rf1 Re7 28. Nd4
Bd7 29. Rd2 g4 30. Ne6 Bxe6 31. dxe6 Qxe6 32. f3 gxf3 33. gxf3 Rg7 0-1

[Event "ch-IRL 2014"]
[Site "Dublin IRL"]
[Date "2014.07.09"]
[Round "5.7"]
[White "O'Cinneide, Mel"]
[Black "Butler, Kevin"]
[Result "1-0"]
[WhiteElo "2227"]
[BlackElo "2026"]
[WhiteFideId "2500620"]
[BlackFideId "2501538"]
[EventDate "2014.07.05"]
[EventType "swiss"]

1. Nf3 Nf6 2. c4 g6 3. Nc3 Bg7 4. e4 d6 5. d4 O-O 6. Be2 e5 7. O-O Nc6 8. d5 Ne7
9. b4 Nh5 10. Re1 f5 11. Ng5 Nf6 12. Bf3 c6 13. Bb2 h6 14. Ne6 Bxe6 15. dxe6
fxe4 16. Nxe4 Nxe4 17. Rxe4 d5 18. cxd5 cxd5 19. Rxe5 Bxe5 20. Bxe5 Rf5 21. Bb2
Qb6 22. Qd2 Rd8 23. Bd4 Qc7 24. Qxh6 Re5 25. h4 Qd6 26. Bg4 Re8 27. g3 1-0

[Event "ch-IRL 2014"]
[Site "Dublin IRL"]
[Date "2014.07.09"]
[Round "5.8"]
[White "Freeman, Gordon"]
[Black "O'Connell, Gerard"]
[Result "1-0"]
[WhiteElo "2077"]
[BlackElo "2132"]
[WhiteFideId "2501309"]
[BlackFideId "2500493"]
[EventDate "2014.07.05"]
[EventType "swiss"]

1. c4 Nf6 2. g3 g6 3. Bg2 Bg7 4. Nc3 O-O 5. e4 d6 6. Nge2 e5 7. O-O Be6 8. d3
Qc8 9. f4 Bh3 10. f5 Bxg2 11. Kxg2 c6 12. h3 d5 13. fxg6 hxg6 14. Bg5 Nbd7 15.
cxd5 cxd5 16. Rc1 Qe8 17. Nb5 Rc8 18. Nec3 Qe6 19. Nxa7 Rxc3 20. Rxc3 dxe4 21.
Bxf6 Nxf6 22. dxe4 Nxe4 23. Re3 Qxa2 24. Rxe4 Qxa7 25. Qd5 Qb6 26. b4 Bf6 27.
Re2 Rd8 28. Qc5 Rd6 29. Ref2 Kg7 30. g4 g5 31. Qxb6 Rxb6 32. Rf5 Kg6 33. b5 Bg7
34. Rxf7 Rxb5 35. Re7 Rb6 36. Rff7 Rb2+ 37. Rf2 Rb6 38. Rff7 Rb2+ 39. Kf3 Rb3+
40. Ke4 Bf6 41. Rxb7 Rxh3 42. Rf8 Rg3 43. Rg8+ Kh6 44. Kf5 Rf3+ 45. Ke6 e4 46.
Rf8 Bd4 47. Rxf3 exf3 48. Kf7 Be5 49. Rb3 Bg3 50. Rxf3 Bh4 51. Rh3 Kh7 52. Rxh4+
gxh4 53. g5 h3 54. g6+ Kh6 55. g7 Kg5 56. g8=Q+ Kf4 57. Qg1 1-0

[Event "ch-IRL 2014"]
[Site "Dublin IRL"]
[Date "2014.07.09"]
[Round "5.10"]
[White "O'Rourke, Ray"]
[Black "O'Connor, Jonathan"]
[Result "0-1"]
[WhiteElo "1997"]
[BlackElo "2150"]
[WhiteFideId "2501023"]
[BlackFideId "2501112"]
[EventDate "2014.07.05"]
[EventType "swiss"]

1. e4 e6 2. d4 d5 3. Nd2 Nf6 4. e5 Nfd7 5. Ngf3 c5 6. c3 Nc6 7. Be2 a5 8. a4
cxd4 9. cxd4 Qb6 10. Nb3 Bb4+ 11. Kf1 O-O 12. h4 f6 13. Bd3 h6 14. Ng5 Ndxe5 15.
dxe5 fxg5 16. Qe2 g4 17. Be3 Qc7 18. Qxg4 Nxe5 19. Qe2 Qd6 20. Bc2 Qa6 21. Nd4
Qxe2+ 22. Kxe2 Nc4 23. Bc1 e5 24. Nb5 Bf5 25. Bb3 Rac8 26. Na3 Kh8 27. Bxc4 dxc4
28. Nb5 Bd3+ 0-1

[Event "ch-IRL 2014"]
[Site "Dublin IRL"]
[Date "2014.07.09"]
[Round "5.11"]
[White "Harding, Tim D"]
[Black "Palmer, Bernard"]
[Result "1/2-1/2"]
[WhiteElo "2126"]
[BlackElo "2026"]
[WhiteFideId "2500256"]
[BlackFideId "2500701"]
[EventDate "2014.07.05"]
[EventType "swiss"]

1. d4 e6 2. c4 Nf6 3. g3 d5 4. Bg2 a6 5. Nf3 dxc4 6. O-O Nbd7 7. Nc3 Nb6 8. e4
Be7 9. Qe2 O-O 10. Rd1 Re8 11. Ne5 Nfd7 12. Nxc4 Nxc4 13. Qxc4 Nb6 14. Qe2 Bd7
15. Be3 Na4 16. Qc2 Nxc3 17. Qxc3 Ba4 18. b3 Bc6 19. Rac1 Rc8 20. Qa5 Bb5 21. d5
e5 22. Qd2 Bd6 23. Rc2 Qe7 24. a4 Bd7 25. Qc1 c6 26. Bc5 Bxc5 27. Rxc5 cxd5 28.
Rdxd5 Rxc5 29. Rxc5 Bc6 30. Qc3 Qd6 31. f3 f6 32. Bf1 Qd1 33. Kg2 Rd8 34. Bc4+
Kf8 35. Bd5 Bxd5 36. exd5 Rxd5 37. Rc8+ Kf7 38. Qc4 Qd2+ 39. Kh3 Qh6+ 1/2-1/2

[Event "ch-IRL 2014"]
[Site "Dublin IRL"]
[Date "2014.07.09"]
[Round "5.12"]
[White "Fox, Anthony"]
[Black "MacElligott, Gerard"]
[Result "0-1"]
[BlackTitle "CM"]
[WhiteElo "2059"]
[BlackElo "2013"]
[WhiteFideId "2500736"]
[BlackFideId "2500647"]
[EventDate "2014.07.05"]
[EventType "swiss"]

1. e4 e6 2. d3 d5 3. Qe2 Be7 4. Nf3 Nf6 5. g3 c5 6. Bg2 Nc6 7. O-O O-O 8. e5 Nd7
9. c4 d4 10. h4 Rb8 11. Bf4 b5 12. b3 bxc4 13. dxc4 a5 14. Nbd2 a4 15. Rab1 axb3
16. axb3 Nb4 17. Ne4 Bb7 18. Nfg5 h6 19. Nh3 Bxe4 20. Bxe4 Re8 21. Qh5 Bf8 22.
Ng5 f5 23. exf6 Nxf6 24. Qf7+ Kh8 25. Nxe6 Rxe6 26. Qxe6 Rb6 27. Qf5 Qe8 28. Bd5
Nbxd5 29. cxd5 Qd8 30. d6 Bxd6 31. Bxd6 Rxd6 32. Qd3 Re6 33. Rfe1 Qd5 34. Qc4
Rxe1+ 35. Rxe1 Qf5 36. Qe6 Qf3 37. Qc4 d3 38. Qxc5 d2 39. Qc8+ Ng8 0-1

[Event "ch-IRL 2014"]
[Site "Dublin IRL"]
[Date "2014.07.09"]
[Round "5.13"]
[White "Reynolds, Pat"]
[Black "Loughran, John"]
[Result "1-0"]
[WhiteElo "1990"]
[BlackElo "1872"]
[WhiteFideId "2501392"]
[BlackFideId "2501562"]
[EventDate "2014.07.05"]
[EventType "swiss"]

1. d4 d5 2. c4 Bf5 3. Qb3 Nc6 4. cxd5 Na5 5. Qb5+ c6 6. dxc6 Nxc6 7. Qxf5 e6 8.
Qd3 Rc8 9. Nc3 Bb4 10. Nf3 Nf6 11. g3 Qa5 12. Bg2 Nd5 13. Bd2 1-0

[Event "ch-IRL 2014"]
[Site "Dublin IRL"]
[Date "2014.07.09"]
[Round "5.14"]
[White "Killane, Jack"]
[Black "Bourached, Anthony"]
[Result "1/2-1/2"]
[WhiteElo "1934"]
[BlackElo "1965"]
[WhiteFideId "2500949"]
[BlackFideId "2504456"]
[EventDate "2014.07.05"]
[EventType "swiss"]

1. f4 d6 2. e4 c5 3. Nf3 g6 4. g3 Bg7 5. Bg2 Nc6 6. d3 e6 7. O-O Nge7 8. c3 O-O
9. Be3 Qc7 10. Nbd2 b6 11. Qc2 Ba6 12. Rfd1 Rac8 13. Rac1 Kh8 14. Nf1 f5 15. Bf2
h6 16. Ne3 Bb7 17. Re1 Rce8 18. Rcd1 Kh7 19. Rd2 Qb8 20. Rde2 Qa8 21. Nd2 b5 1/2-1/2

[Event "ch-IRL 2014"]
[Site "Dublin IRL"]
[Date "2014.07.10"]
[Round "6.1"]
[White "Collins, Sam E."]
[Black "Daly, Colm"]
[Result "1-0"]
[WhiteTitle "IM"]
[BlackTitle "FM"]
[WhiteElo "2488"]
[BlackElo "2333"]
[WhiteFideId "2501198"]
[BlackFideId "2500434"]
[EventDate "2014.07.05"]
[EventType "swiss"]

1. c4 g6 2. d4 d6 3. Nc3 Bg7 4. e4 Nf6 5. f4 c5 6. d5 O-O 7. Nf3 e6 8. dxe6 fxe6
9. Bd3 Nc6 10. O-O Ne8 11. Kh1 a6 12. Ng5 Nd4 13. e5 Nf5 14. Qe2 Nc7 15. Nce4 b6
16. Nxd6 Nxd6 17. exd6 Qxd6 18. Be4 Ra7 19. Be3 Qe7 20. Rad1 Ne8 21. b4 Nf6 22.
bxc5 bxc5 23. Bf3 Rc7 24. Bc1 Rd7 25. Rde1 Rd6 26. Ba3 Qc7 27. Qe3 Rd4 28. Nxe6
Bxe6 29. Qxe6+ Kh8 30. Bb2 Rd2 31. Be5 Qa5 32. Rb1 Qxa2 33. Rb7 Rf2 34. Rxf2
Qxf2 35. h3 Qh4 36. Qe7 Rg8 37. Bd5 Qe1+ 38. Kh2 Qh4 39. Qxg7+ Rxg7 40. Rb8+ 1-0

[Event "ch-IRL 2014"]
[Site "Dublin IRL"]
[Date "2014.07.10"]
[Round "6.2"]
[White "Brady, Stephen"]
[Black "Jessel, Stephen"]
[Result "0-1"]
[WhiteTitle "FM"]
[BlackTitle "FM"]
[WhiteElo "2338"]
[BlackElo "2321"]
[WhiteFideId "2500124"]
[BlackFideId "628859"]
[EventDate "2014.07.05"]
[EventType "swiss"]

1. e4 e6 2. d4 d5 3. Nd2 Nf6 4. e5 Nfd7 5. Bd3 c5 6. c3 Nc6 7. Ne2 cxd4 8. cxd4
f6 9. exf6 Nxf6 10. Nf3 Bd6 11. O-O O-O 12. Bf4 Bxf4 13. Nxf4 Qd6 14. g3 Qb4 15.
Re1 Qxb2 16. a3 g6 17. Bc2 Qb6 18. h4 Qc7 19. Rc1 Qg7 20. Ng5 Nd8 21. Bb3 h6 22.
Ngxe6 Bxe6 23. Nxe6 Nxe6 24. Rxe6 Rad8 25. Qe2 Rd7 26. Rc3 Kh7 27. Rf3 Ne4 28.
Rxf8 Qxf8 29. h5 gxh5 30. Bc2 Kg7 31. Bxe4 dxe4 32. Qxe4 Qf7 33. d5 b5 34. Qd4+
Kh7 35. Qd3+ Kg7 36. Qd2 Qxe6 0-1

[Event "ch-IRL 2014"]
[Site "Dublin IRL"]
[Date "2014.07.10"]
[Round "6.3"]
[White "Fitzsimons, David"]
[Black "Short, Philip M"]
[Result "1-0"]
[WhiteTitle "FM"]
[BlackTitle "FM"]
[WhiteElo "2351"]
[BlackElo "2274"]
[WhiteFideId "2501961"]
[BlackFideId "2500086"]
[EventDate "2014.07.05"]
[EventType "swiss"]

1. e4 e6 2. d4 d5 3. Nc3 Bb4 4. e5 c5 5. a3 Bxc3+ 6. bxc3 Qc7 7. Qg4 f5 8. Qg3
cxd4 9. cxd4 Ne7 10. c3 O-O 11. Ne2 Nec6 12. a4 Na5 13. Ba3 Rf7 14. Nf4 Nc4 15.
h4 Nxa3 16. Rxa3 Qb6 17. Ra1 Qb2 18. Rd1 Bd7 19. Bb5 Bxb5 20. axb5 Qxb5 21. Nxe6
Nd7 22. Nc7 f4 23. Qh3 Qc4 24. Nxa8 f3 25. gxf3 Nf8 26. h5 Qxc3+ 27. Ke2 Qc6 28.
Rc1 Qb5+ 29. Ke1 Qd3 30. Qg4 b5 31. Nc7 Qa3 32. Ke2 Qb2+ 33. Kd3 Qxf2 34. Rhf1
Qa2 35. Nxb5 Qa6 36. Rb1 Ne6 37. Ke3 Rf4 38. Qh3 Qb6 39. Rfc1 h6 40. Rd1 Qa6 41.
Rbc1 Kh7 42. Qf1 1-0

[Event "ch-IRL 2014"]
[Site "Dublin IRL"]
[Date "2014.07.10"]
[Round "6.4"]
[White "Benson, Oisin P."]
[Black "Redmond, John P."]
[Result "0-1"]
[WhiteElo "2040"]
[BlackElo "2259"]
[WhiteFideId "2501821"]
[BlackFideId "2500051"]
[EventDate "2014.07.05"]
[EventType "swiss"]

1. d4 e6 2. c4 Nf6 3. Nc3 Bb4 4. e3 b6 5. a3 Bxc3+ 6. bxc3 Nc6 7. Bd3 Ba6 8. e4
Na5 9. Bg5 Bxc4 10. Bxc4 Nxc4 11. e5 h6 12. exf6 hxg5 13. fxg7 Rg8 14. Qd3 d5
15. Qh7 Kd7 16. Qh6 Qe7 17. h4 gxh4 18. Rxh4 f5 19. Nh3 Qxg7 20. Nf4 Qxh6 21.
Rxh6 Rh8 22. Rh3 a5 23. a4 Rae8 24. O-O-O Nd6 25. Kc2 Ne4 26. Rf1 Reg8 27. Kd3
Ng5 28. Re3 Rh4 29. g3 Rh2 30. Re5 Rgh8 31. g4 Nh3 32. Ke3 Nxf4 33. Kxf4 fxg4
34. Kxg4 Rg8+ 35. Kf4 Rh4+ 36. Ke3 Rh3+ 37. Kd2 Rg2 38. Re2 Rf3 39. Kc2 Rh2 40.
Kb2 Kd6 41. Rc2 Rg2 42. Kc1 Rh2 43. Kd1 Rhh3 44. Ke1 0-1